Quality Management in Hospitals (Record no. 156960)
[ view plain ]
| 000 -LEADER | |
|---|---|
| fixed length control field | 00380nam a2200145Ia 4500 |
| 008 - FIXED-LENGTH DATA ELEMENTS--GENERAL INFORMATION | |
| fixed length control field | 230411s9999 xx 000 0 und d |
| 020 ## - INTERNATIONAL STANDARD BOOK NUMBER | |
| International Standard Book Number | 81-8448-488-7 |
| 041 ## - LANGUAGE CODE | |
| Language code of text/sound track or separate title | eng |
| 082 ## - DEWEY DECIMAL CLASSIFICATION NUMBER | |
| Classification number | AD/610.6/JOS/B06593 |
| 100 ## - MAIN ENTRY--PERSONAL NAME | |
| Personal name | Joshi SK |
| 9 (RLIN) | 179191 |
| 245 ## - TITLE STATEMENT | |
| Title | Quality Management in Hospitals |
| 260 ## - PUBLICATION, DISTRIBUTION, ETC. (IMPRINT) | |
| Name of publisher, distributor, etc. | Jaypee Brothers |
| Place of publication, distribution, etc. | New Delhi |
| Date of publication, distribution, etc. | 2009 |
| 300 ## - PHYSICAL DESCRIPTION | |
| Extent | 416p |
| Withdrawn status | Lost status | Damaged status | Not for loan | Collection code | Home library | Current library | Date acquired | Vendor | Cost, normal purchase price | Bill number | Total Checkouts | Full call number | Barcode | Date last seen | Cost, replacement price | Bill Date | Koha item type | Original Barcode |
|---|---|---|---|---|---|---|---|---|---|---|---|---|---|---|---|---|---|---|
| Smt. Bakul Tambat Institute of Nursing Education | Smt. Bakul Tambat Institute of Nursing Education | 25/02/2011 | Jaypee Brothers Medical Publishers | 395.00 | 4857 | AD 610.6 JOS B06593 | BTIN-BK-6593 | 11/04/2023 | 288.00 | 25/02/2011 | Books | B06593 | ||||||
| Smt. Bakul Tambat Institute of Nursing Education | Smt. Bakul Tambat Institute of Nursing Education | 02/05/2014 | B.J.Medical Co-oprative College Stores | 495.00 | 4857 | AD 610.6 JOS B07657 | BTIN-BK-7657 | 11/04/2023 | 361.00 | 25/02/2011 | Books | B07657 |